Journal of inter-American studies.
| New Title: | Journal of interamerican studies and world affairs |
|---|---|
| Corporate Authors: | , , , |
| Format: | Journal |
| Language: | English French Portuguese Spanish |
| Language Notes: | English, French, Portuguese, and Spanish. |
| Published: |
Gainesville :
School of Inter-American Studies, University of Florida,
[1959-]
|
| Subjects: | |
| Online Availability: |
|
MARC
| Tag | First Indicator | Second Indicator | Subfields |
|---|---|---|---|
| LEADER | 00000cas a2200000 a 4500 | ||
| 001 | in00001635921 | ||
| 005 | 20210205155521.0 | ||
| 008 | 751101d19591969fluqr p 0 a0eng c | ||
| 010 | |a a 59009349 |z sn 84001370 | ||
| 019 | |a 265607239 |a 289490528 | ||
| 022 | 0 | |a 0885-3118 |2 1 | |
| 029 | 1 | |a NLGGC |b 851758312 | |
| 029 | 1 | |a AU@ |b 000000909592 | |
| 029 | 1 | |a NZ1 |b 11869071 | |
| 029 | 1 | |a NZ1 |b 12350517 | |
| 029 | 1 | |a NZ1 |b 12481140 | |
| 035 | |a (OCoLC)ocm01775153 | ||
| 035 | |a (OCoLC)1775153 |z (OCoLC)265607239 |z (OCoLC)289490528 | ||
| 040 | |a MUL |c MUL |d COO |d IXA |d NYG |d PIT |d IUL |d AIP |d NSD |d HUL |d DLC |d NST |d HUL |d NST |d OCL |d EYM |d CUS |d OCLCQ |d NLGGC |d LVB |d DLC |d CRU |d OCLCQ |d UtOrBLW | ||
| 041 | 0 | |a eng |a fre |a por |a spa | |
| 042 | |a nsdp |a pcc | ||
| 043 | |a cl----- | ||
| 049 | |a TXAM | ||
| 050 | 0 | 0 | |a F1401 |b .J66 |
| 082 | 1 | 4 | |a 917 |2 11 |
| 210 | 0 | |a J. inter-am. stud. | |
| 222 | 0 | |a Journal of inter-American studies | |
| 245 | 0 | 0 | |a Journal of inter-American studies. |
| 246 | 3 | |a Journal of inter American studies | |
| 264 | 1 | |a Gainesville : |b School of Inter-American Studies, University of Florida, |c [1959-] | |
| 264 | 4 | |c [©1969] | |
| 300 | |a 11 volumes : |b illustrations ; |c 23 cm. | ||
| 310 | |a Quarterly | ||
| 336 | |a text |b txt |2 rdacontent | ||
| 337 | |a unmediated |b n |2 rdamedia | ||
| 338 | |a volume |b nc |2 rdacarrier | ||
| 362 | 0 | |a [Vol. 1, no. 1] (Jan. 1959)-v. 11, no. 4 (Oct. 1969). | |
| 500 | |a Title from cover. | ||
| 515 | |a Issues for 1963-1964 lack numeric designation. | ||
| 530 | |a Issued on microfilm by University Microfilms International. | ||
| 546 | |a English, French, Portuguese, and Spanish. | ||
| 550 | |a Vols. for 1959-1963 issued by: School of Inter-American Studies, University of Florida; 1963-1967 by: Inter-American Academy (1965- with: University of Miami); 1968- by: Center for Advanced International Studies, University of Miami. | ||
| 555 | |a Vols. 1 (1959)-30 (1989). 1 v. | ||
| 651 | 0 | |a America |v Periodicals. | |
| 651 | 0 | |a Latin America |v Periodicals. | |
| 651 | 6 | |a Amérique latine |v Périodiques. | |
| 651 | 6 | |a Amérique |v Périodiques. | |
| 710 | 2 | |a University of Florida. |b School of Inter-American Studies. | |
| 710 | 2 | |a Inter-American Academy. | |
| 710 | 2 | |a University of Miami. | |
| 710 | 2 | |a University of Miami. |b Center for Advanced International Studies. | |
| 776 | 1 | |c Microfilm |d University Microfilms |w (OCoLC)7155031 | |
| 776 | 0 | 8 | |i Online version: |t Journal of inter-American studies (Online) |w (DLC) 2001227207 |w (OCoLC)47075900 |
| 785 | 0 | 0 | |t Journal of interamerican studies and world affairs |x 0022-1937 |w (DLC) 74644602 |w (OCoLC)2239844 |
| 850 | |a CaMWUC |a DLC |a FU |a MH |a MH-CI |a NcRS | ||
| 948 | |a cataloged |b h |c 2001/8/21 |d c |e coplinge |f 5:08:45 pm | ||
| 949 | |a updated |b h |c 2011/8/24 |e vilik |f 1:16:53 pm | ||
| 994 | |a C0 |b TXA | ||
| 999 | |a MARS | ||
| 999 | f | f | |s 5b357ff2-64e0-3515-b6be-16ad2f7eb590 |i 0e3baafb-36bd-3bf5-8307-b30f1d882862 |t 0 |
| 952 | f | f | |p ric |a Texas A&M University |b Rellis Campus |c Joint Library Facility |d Remote Storage |t 0 |e F1401 .J66 |h Library of Congress classification |i unmediated -- volume |k v.2 |l 1960 |m A14841538035 |
| 952 | f | f | |p ric |a Texas A&M University |b Rellis Campus |c Joint Library Facility |d Remote Storage |t 0 |e F1401 .J66 |h Library of Congress classification |i unmediated -- volume |k v.11 |l 1969 |m A14841537916 |
| 952 | f | f | |p ric |a Texas A&M University |b Rellis Campus |c Joint Library Facility |d Remote Storage |t 0 |e F1401 .J66 |h Library of Congress classification |i unmediated -- volume |k v.1 |l 1959 |m A14841537974 |
| 952 | f | f | |p ric |a Texas A&M University |b Rellis Campus |c Joint Library Facility |d Remote Storage |t 0 |e F1401 .J66 |h Library of Congress classification |i unmediated -- volume |k v.10 |l 1968 |m A14841537924 |
| 952 | f | f | |p ric |a Texas A&M University |b Rellis Campus |c Joint Library Facility |d Remote Storage |t 0 |e F1401 .J66 |h Library of Congress classification |i unmediated -- volume |k v.3 |l 1961 |m A14841538001 |
| 952 | f | f | |p ric |a Texas A&M University |b Rellis Campus |c Joint Library Facility |d Remote Storage |t 0 |e F1401 .J66 |h Library of Congress classification |i unmediated -- volume |k v.4 |l 1962 |m A14841537982 |
| 952 | f | f | |p ric |a Texas A&M University |b Rellis Campus |c Joint Library Facility |d Remote Storage |t 0 |e F1401 .J66 |h Library of Congress classification |i unmediated -- volume |k v.7 |l 1965 |m A14841537958 |
| 952 | f | f | |p ric |a Texas A&M University |b Rellis Campus |c Joint Library Facility |d Remote Storage |t 0 |e F1401 .J66 |h Library of Congress classification |i unmediated -- volume |k v.8 |l 1966 |m A14841537940 |
| 952 | f | f | |p ric |a Texas A&M University |b Rellis Campus |c Joint Library Facility |d Remote Storage |t 0 |e F1401 .J66 |h Library of Congress classification |i unmediated -- volume |k v.9 |l 1967 |m A14841537932 |
| 952 | f | f | |p ric |a Texas A&M University |b Rellis Campus |c Joint Library Facility |d Remote Storage |t 0 |e F1401 .J66 |h Library of Congress classification |i unmediated -- volume |k v.5 |l 1963 |m A14841537990 |
| 952 | f | f | |p ric |a Texas A&M University |b Rellis Campus |c Joint Library Facility |d Remote Storage |t 0 |e F1401 .J66 |h Library of Congress classification |i unmediated -- volume |k v.6 |l 1964 |m A14841537966 |
| 998 | f | f | |a F1401 .J66 |s v.1-11 (1959-1969) |t 0 |l Remote Storage |